Transcultural medicine : (Record no. 2267)

000 -LEADER
fixed length control field 01193pam a2200313 a 4500
003 - CONTROL NUMBER IDENTIFIER
control field OSt
005 - DATE AND TIME OF LATEST TRANSACTION
control field 20210707093703.0
008 - FIXED-LENGTH DATA ELEMENTS--GENERAL INFORMATION
fixed length control field 931202s1994 ne a b 001 0 eng c
020 ## - INTERNATIONAL STANDARD BOOK NUMBER
International Standard Book Number 0792388364 (casebound)
040 ## - CATALOGING SOURCE
Transcribing agency DLC
043 ## - GEOGRAPHIC AREA CODE
Geographic area code e-uk---
050 00 - LIBRARY OF CONGRESS CALL NUMBER
Classification number RA418.5.T73
Item number Q74 1994
060 00 - NATIONAL LIBRARY OF MEDICINE CALL NUMBER
Classification number WA 300 Q9t 1994
100 1# - MAIN ENTRY--PERSONAL NAME
Personal name Qureshi, Bashir.
245 10 - TITLE STATEMENT
Title Transcultural medicine :
Remainder of title dealing with patients from different cultures ; including 35 articles published in the British medical press, 1981-1988 /
Statement of responsibility, etc. Bashir Quershi.
250 ## - EDITION STATEMENT
Edition statement 2nd ed.
260 ## - PUBLICATION, DISTRIBUTION, ETC.
Place of publication, distribution, etc. Dordrecht ;
-- Boston :
Name of publisher, distributor, etc. Kluwer Academic Publishers,
Date of publication, distribution, etc. c1994.
300 ## - PHYSICAL DESCRIPTION
Extent x, 243 p. :
Other physical details ill. ;
Dimensions 24 cm.
504 ## - BIBLIOGRAPHY, ETC. NOTE
Bibliography, etc. note Includes bibliographical references and index.
650 #0 - SUBJECT ADDED ENTRY--TOPICAL TERM
Topical term or geographic name entry element Transcultural medical care.
650 #0 - SUBJECT ADDED ENTRY--TOPICAL TERM
Topical term or geographic name entry element Transcultural medical care
Geographic subdivision Great Britain.
650 #2 - SUBJECT ADDED ENTRY--TOPICAL TERM
Topical term or geographic name entry element Delivery of Health Care.
650 #2 - SUBJECT ADDED ENTRY--TOPICAL TERM
Topical term or geographic name entry element Ethnic Groups.
650 #2 - SUBJECT ADDED ENTRY--TOPICAL TERM
Topical term or geographic name entry element Attitude to Health
General subdivision ethnology.
650 #2 - SUBJECT ADDED ENTRY--TOPICAL TERM
Topical term or geographic name entry element Cultural Characteristics.
906 ## - LOCAL DATA ELEMENT F, LDF (RLIN)
a 7
b cbc
c orignew
d 1
e ocip
f 19
g y-gencatlg
942 ## - ADDED ENTRY ELEMENTS (KOHA)
Source of classification or shelving scheme
Koha item type Book
Suppress in OPAC SO
Holdings
Withdrawn status Lost status Source of classification or shelving scheme Damaged status Not for loan Permanent Location Current Location Shelving location Date acquired Total Checkouts Full call number Barcode Date last seen Price effective from Koha item type Public note
          AU LIBRARY AU LIBRARY Open Shelf 07.07.2021   RA418.5.T73 Q74 1994 28001889 07.07.2021 07.07.2021 Book SO

Powered by Koha